logo

Bir Sreshtho Munshi Abdur Rouf Library
Jhenaidah Cadet College

Humour at the workplace / (Record no. 11712)

MARC details
000 -LEADER
fixed length control field 00633nam a2200229 a 4500
001 - CONTROL NUMBER
JCCL Control Number 11712
003 - CONTROL NUMBER IDENTIFIER
JCCL marc code BD-JhCC
005 - DATE AND TIME OF LATEST TRANSACTION
control field 20200728092927.0
008 - FIXED-LENGTH DATA ELEMENTS--GENERAL INFORMATION
fixed length control field 200728t2017 ii |||| ||a| 000 0 eng d
020 ## - INTERNATIONAL STANDARD BOOK NUMBER
International Standard Book Number 9788129145260
035 ## - SYSTEM CONTROL NUMBER
system control number (BD-JhCC)11712
040 ## - CATALOGING SOURCE
Original cataloging agency BD-JhCC
Modifying agency BD-JhCC
041 ## - LANGUAGE CODE
Language code of Book eng
082 ## - DEWEY DECIMAL CLASSIFICATION NUMBER
Classification number 658.45
Author mark and Year SAM 2017
100 ## - MAIN ENTRY--PERSONAL NAME
Personal name Sampietra, Marca
245 ## - TITLE STATEMENT
Title Humour at the workplace /
Statement of responsibility, etc Marca Sampietra .
260 ## - PUBLICATION, DISTRIBUTION, ETC. (IMPRINT)
Place of publication, distribution, etc New Delhi
Name of publisher, distributor, etc Rupa Publication;
Date of publication, distribution, etc 2017.
300 ## - PHYSICAL DESCRIPTION
Pagination 170 p. :
Dimensions 20 cm.
650 ## - SUBJECT ADDED ENTRY--TOPICAL TERM
Topical term or geographic name as entry element India
General subdivision Gossip in the workplace
Geographic subdivision Humor in the workplace
-- Bibliography
942 ## - ADDED ENTRY ELEMENTS (KOHA)
Source of classification or shelving scheme Dewey Decimal Classification
Koha item type Books
Holdings
Source of classification or shelving scheme Damaged status Not for loan Home library Current library Shelving location Date of accession Cost, normal purchase price Total Checkouts Full call number Barcode Checked out Date last seen Date checked out Copy number Koha item type
Dewey Decimal Classification     JCC Rouf Library JCC Rouf Library General Stacks 07/28/2020 531.00 3 658.45 SAM 2017 16046 01/12/2026 12/17/2025 12/17/2025 C-1 Books

JCC Library | Contacts | JCC Home

Last Update on 23 September 2017
Copyright @ 2017-2020 JCC Rouf Library
Rouf Library, Jhenidah Cadet College (JCC), Bangladesh